000 01348cam a2200325 a 4500
001 16051619
003 OSt
005 20180117085959.0
008 100112s2011 mau b 001 0 eng
010 _a 2010001415
020 _a9780205779703 (alk. paper)
020 _a0205779700 (alk. paper)
035 _a(OCoLC)ocn462910013
040 _aDLC
_cDLC
_dYDX
_dYDXCP
_dCVM
_dCDX
_dDLC
050 0 0 _aJZ1318
_b.H427 2011
082 0 0 _a303.48/2
_222
100 1 _aHebron, Lui.
245 1 0 _aGlobalization :
_bdebunking the myths /
_cLui Hebron, John F. Stack, Jr.
250 _a2nd ed.
260 _aBoston :
_bLongman,
_cc2011.
300 _axvi, 157 p. ;
_c23 cm.
504 _aIncludes bibliographical references and index.
505 0 _aGlobalization in the Twenty-First Century -- Conceptual perspectives on globalization -- Market integration -- Growth and development -- Democratization -- Sovereignty -- Culture -- The environment -- Globalization for all?
650 0 _aGlobalization.
700 1 _aStack, John F.
906 _a7
_bcbc
_corignew
_d1
_eecip
_f20
_gy-gencatlg
942 _2ddc
_cBK
999 _c3119
_d3119